Család, népesedés, társadalmi felelősség

Elmentve itt :
Bibliográfiai részletek
Szerző: Orbán Pál
Adatforrás:Philobibl
Forrásdokumentuma:Igaz Szó, 1974 8.sz
162-167 p. p.
Dokumentumtípus: Cikk
Nyelv:magyar
LEADER 00291nab a2200097 c 4500
001 bibDOK00018413
005 20200924121233.3
008 060518s1974 hu hun
100 1 |a Orbán Pál 
245 1 0 |a Család, népesedés, társadalmi felelősség  |c Orbán Pál 
773 0 |t Igaz Szó, 1974 8.sz  |g 162-167 p. p.